000 00486cam a22002054a 4500
005 20250605164324.0
008 250528s ||||||||||||||||||||||||d
035 _a22984
020 _a9780071635080
040 _aGR-AtMCL
_bgre
_dGR-AtMCL
_eAACR2
245 1 _aSTRENGTH OF MATERIALS
250 _a5
260 _bMcgraw Hill,
_c2011
300 _a191
700 1 _aNash William A
_97499
700 1 _aPotter Merle C
_98580
942 _cBK
999 _c8025
_d8025